00310cam a22000977a 4500008003600000082001700036100002200053245009500075260003200170300001000202180718b xxu||||| |||| 00| 0 eng d aL203x54 In2g aBhoothalingam, S. aFinal report on rationlisation and simplification of the tax stucturecby S. Bhoothalingam aDelhibMinistry of Finacec a91+p.